Európske právo
Gespeichert in:
| 1. Verfasser: | |
|---|---|
| Weitere Verfasser: | |
| Format: | Buch |
| Sprache: | Slowakisch |
| Veröffentlicht: |
Bratislava
Iura Edition
2007
|
| Ausgabe: | 2. dopln. a preprac. vyd. |
| Schlagworte: | |
| Tags: |
Keine Tags, Fügen Sie das erste Tag hinzu!
|
MARC
| LEADER | 00000nam$a2200000$$$4500 | ||
|---|---|---|---|
| 001 | 0070292 | ||
| 005 | 20231215114858.3 | ||
| 020 | |a 978-80-8078-148-4 | ||
| 041 | 0 | |a slo | |
| 044 | |a SK | ||
| 245 | 1 | 0 | |a Európske právo |c Viliam Karas, Andrej Králik |
| 250 | |a 2. dopln. a preprac. vyd. | ||
| 264 | 1 | |a Bratislava |b Iura Edition |c 2007 | |
| 300 | |a 505 s. | ||
| 610 | 2 | 0 | |a integrácia ekonomická medzinárodná |
| 610 | 2 | 0 | |a spolupráca medzinárodná |
| 610 | 2 | 0 | |a organizácie medzinárodné |
| 610 | 2 | 0 | |a zmluvy medzinárodné |
| 610 | 2 | 0 | |a právomoc |
| 610 | 2 | 0 | |a inštitúcie verejnoprávne |
| 610 | 2 | 0 | |a právo európske |
| 610 | 2 | 0 | |a právo komunitárne |
| 610 | 2 | 0 | |a súdnictvo |
| 610 | 2 | 0 | |a pohyb tovaru |
| 610 | 2 | 0 | |a legislatíva |
| 610 | 2 | 0 | |a harmonizácia |
| 610 | 2 | 0 | |a pohyb služieb voľný |
| 610 | 2 | 0 | |a pohyb síl pracovných |
| 610 | 2 | 0 | |a pohyb kapitálu |
| 610 | 2 | 0 | |a politika hospodárska |
| 610 | 2 | 0 | |a politika menová |
| 610 | 2 | 0 | |a súťaž hospodárska |
| 610 | 2 | 0 | |a politika zahraničná |
| 610 | 2 | 0 | |a politika bezpečnostná |
| 610 | 2 | 0 | |a ochrana ľudských práv |
| 610 | 2 | 0 | |a Európa |
| 610 | 2 | 0 | |a Európska únia |
| 610 | 2 | 0 | |a Európske spoločenstvá |
| 610 | 2 | 0 | |a Rada Európy |
| 100 | 1 | |a Karas, Viliam | |
| 700 | 1 | |a Králik, Andrej | |